[Event "SVK-chT2B 2223"]
[Site "Slovakia"]
[Date "2022.10.08"]
[Round "1.8"]
[White "Szakall, Alexander"]
[Black "Sloboda, Rudolf"]
[Result "1-0"]
[WhiteElo "1795"]
[BlackElo "1103"]
[PlyCount "93"]
[EventDate "2022.10.08"]
[EventType "team-tourn"]
[EventRounds "11"]
[EventCountry "SVK"]
[SourceTitle "CBM 210 Extra"]
[Source "ChessBase"]
[SourceDate "2022.11.30"]
[SourceVersion "1"]
[SourceVersionDate "2022.11.30"]
[SourceQuality "1"]
[WhiteTeam "Surany"]
[BlackTeam "Topolcany II"]
[WhiteTeamCountry "SVK"]
[BlackTeamCountry "SVK"]

1. c4 e5 2. Nc3 Bb4 3. Nd5 Nc6 4. a3 Bc5 5. d3 Nf6 6. Nf3 Ng4 7. e3 0-0 8. b4 Be7 9. Be2 d6 10. 0-0 Be6 11. Bd2 a6 12. Rc1 Qd7 13. Qc2 Rac8 14. e4 Nd4 15. Nxd4 exd4 16. Nxe7+ Qxe7 17. h3 Ne5 18. f4 Nc6 19. Bf3 Bd7 20. Rce1 Qf6 21. Bc1 Qg6 22. Qf2 Bxh3 23. f5 Qf6 24. gxh3 Ne5 25. Be2 b5 26. cxb5 axb5 27. Bf4 Nd7 28. Qg3 Rfe8 29. Rc1 Nb6 30. Qg5 Qxg5+ 31. Bxg5 h6 32. Bd2 Re7 33. f6 gxf6 34. Rxf6 Kg7 35. Rf2 Nd7 36. Bg4 Rg8 37. Rxc7 Rd8 38. Bf5 f6 39. Rg2+ Kf7 40. Bxh6 d5 41. Rg7+ Ke8 42. Bg6+ Kf8 43. Rh7+ Kg8 44. Rxe7 Ne5 45. Rxe5 fxe5 46. exd5 Rd6 47. Rc8+ 1-0